Simbolo degli elementi chimici - Statistics

Statistiche generali
  • Questo quiz è stato fatto 1.749 volte
    229 dall'ultimo reset
  • Il punteggio medio è 83 su 118
Statistiche sulle risposte
Hint Risposta % Corretto
Idrogeno H
98%
Boro B
97%
Carbonio C
97%
Fluoro F
97%
Litio Li
97%
Ossigeno O
97%
Iodio I
96%
Azoto N
96%
Zolfo S
96%
Argon Ar
95%
Potassio K
95%
Fosforo P
95%
Alluminio Al
94%
Berillio Be
94%
Calcio Ca
94%
Cloro Cl
93%
Cromo Cr
93%
Elio He
93%
Magnesio Mg
93%
Neon Ne
93%
Cobalto Co
92%
Rame Cu
92%
Silicio Si
92%
Titanio Ti
92%
Ferro Fe
91%
Gallio Ga
91%
Sodio Na
91%
Nichel Ni
91%
Selenio Se
90%
Arsenico As
89%
Bromo Br
89%
Germanio Ge
89%
Manganese Mn
89%
Vanadio V
89%
Scandio Sc
88%
Stronzio Sr
87%
Kripton Kr
86%
Zinco Zn
85%
Oro Au
81%
Argento Ag
80%
Bario Ba
80%
Rutenio Ru
80%
Tellurio Te
80%
Polonio Po
79%
Radio Ra
79%
Rubidio Rb
79%
Xenon Xe
78%
Cerio Ce
77%
Francio Fr
77%
Astato At
76%
Lantanio La
76%
Piombo Pb
76%
Cesio Cs
75%
Indio In
75%
Uranio U
75%
Molibdeno Mo
74%
Cadmio Cd
73%
Iridio Ir
73%
Stagno Sn
73%
Nobelio No
71%
Platino Pt
71%
Zirconio Zr
71%
Niobio Nb
70%
Americio Am
69%
Radon Rn
69%
Tallio Tl
69%
Bismuto Bi
68%
Europio Eu
68%
Praseodimio Pr
68%
Protoattinio Pa
66%
Palladio Pd
66%
Renio Re
66%
Tecnezio Tc
65%
Lutezio Lu
64%
Neodimio Nd
64%
Promezio Pm
64%
Samario Sm
64%
Tantalio Ta
64%
Gadolinio Gd
63%
Darmstadtio Ds
62%
Terbio Tb
62%
Osmio Os
60%
Seaborgio Sg
60%
Moscovio Mc
59%
Erbio Er
58%
Oganesson Og
58%
Tennesso Ts
55%
Ittrio Y
55%
Bohrio Bh
54%
Mendelevio Md
54%
Plutonio Pu
54%
Nihonio Nh
53%
Einsteinio Es
52%
Fermio Fm
52%
Mercurio Hg
52%
Hassio Hs
52%
Berkelio Bk
51%
Californio Cf
50%
Dubnio Db
50%
Flerovio Fl
50%
Laurenzio Lr
50%
Livermorio Lv
50%
Rodio Rh
50%
Tungsteno W
50%
Meitnerio Mt
47%
Copernicio Cn
46%
Rutherfordio Rf
46%
Antimonio Sb
46%
Roentgenio Rg
42%
Torio Th
30%
Olmio Ho
27%
Attinio Ac
26%
Afnio Hf
25%
Curio Cm
23%
Disprosio Dy
21%
Nettunio Np
20%
Tulio Tm
17%
Itterbio Yb
17%
Nessun quiz corrispondente trovato
Distribuzione punteggi
Percentuale di utenti per punteggio
Percentile per numero di risposta
I tuoi punteggi nel tempo
Non hai fatto questo quiz dall'ultimo reset